| 000 | 00793nam a22002057a 4500 | ||
|---|---|---|---|
| 003 | BD-DhUL | ||
| 005 | 20161018151900.0 | ||
| 008 | 160724b1995 bg a||| |||| 000 0 ben | ||
| 040 |
_aBD-DhUL _cBD-DhUL |
||
| 082 |
_a891.44 _bOSA |
||
| 100 | 1 | _aওসমান, সওকত | |
| 245 | 1 | 0 |
_aঅস্তিত্বের সঙ্গে সংলাপ যত্র যোগাড়িয়া / _cসওকত ওসমান |
| 260 |
_aঢাকা : _bবিদ্যাপ্রকাশ; _c১৯৯৫. |
||
| 300 |
_bচিত্র ; _c২২ সেমি. |
||
| 365 |
_aBDT _b300.0 |
||
| 504 | _aগ্রন্থপঞ্জিগত তথ্য সংবলিত | ||
| 650 | 0 | _aবাংলা সাহিত্য | |
| 650 | 0 | _aBangla Literature | |
| 942 |
_2ddc _cBK |
||
| 999 |
_c110915 _d110915 |
||